Normal view
MARC view
- CONTROL SYSTEMS.CONTROL SYSTEMS ENGINEERING
Entry Topical Term
001 - CONTROL NUMBER
- control field: 65716
003 - CONTROL NUMBER IDENTIFIER
- control field: NUST
005 - DATE AND TIME OF LATEST TRANSACTION
- control field: 20210628203459.0
008 - FIXED-LENGTH DATA ELEMENTS
- fixed length control field: 210628|| aca||aabn | a|a d
040 ## - CATALOGING SOURCE
- Original cataloging agency: NUST
- Transcribing agency: NUST
150 ## - HEADING--TOPICAL TERM
- Topical term or geographic name entry element: CONTROL SYSTEMS.CONTROL SYSTEMS ENGINEERING
670 ## - SOURCE DATA FOUND
- Source citation: Work cat.: (NUST): Xavier , S. P.Eugene, Babu, Joseph Cyril 65715, Principles of control systems, 2008
